| 000 | 00615cam a2200217 4500 | ||
|---|---|---|---|
| 008 | 090401t1988 xxu||||| |||| 00| 0 eng d | ||
| 020 | _a071345038X | ||
| 035 | _a(Sirsi) u23174 | ||
| 041 | _aeng | ||
| 050 | _a338.4369 | ||
| 100 | _aBriscoe, Geoffrey | ||
| 245 | 4 | _aThe economics of the construction industry | |
| 260 |
_aLondon _bMitchell _c1988 |
||
| 300 | _ax,307p. ; 22cm. | ||
| 350 | _a12.95 | ||
| 490 | _aConstruction Technology and Management | ||
| 520 | _aPublished in association with the Chartered Institute of Building . | ||
| 650 | _aBUILDING INDUSTRY | ||
| 942 | _n0 | ||
| 948 | _c04/03/1997 | ||
| 999 |
_c88339 _d88339 |
||